Bharatiya darshan (Record no. 118842)

MARC details
000 -LEADER
fixed length control field 00347nam a2200145Ia 4500
008 - FIXED-LENGTH DATA ELEMENTS--GENERAL INFORMATION
fixed length control field 230917s9999||||xx |||||||||||||| ||und||
040 ## - CATALOGING SOURCE
-- 104582
Original cataloging agency VIVEKANANDA LIBRARY
041 ## - Language
-- English
082 ## - DDC NUMBER
Classification number 181.4 S64B
100 ## - MAIN ENTRY--PERSONAL NAME
Personal name Sinha, Jadunath
245 #0 - TITLE STATEMENT
Title Bharatiya darshan
260 ## - PUBLICATION, DISTRIBUTION, ETC. (IMPRINT)
Place of publication, distribution, etc Delhi
Name of publisher, distributor, etc Motilal Banarsidas
Date of publication, distribution, etc 2000
300 ## - PHYSICAL DESCRIPTION
Pages 334p p.
942 ## - ADDED ENTRY ELEMENTS (KOHA)
Koha item type Books
Holdings
Withdrawn status Lost status Damaged status Not for loan Location (home branch) Sublocation or collection (holding branch) Date acquired Koha issues (times borrowed) Koha full call number Accession No. Koha date last seen Koha item type
        VIVEKANANDA LIBRARY VIVEKANANDA LIBRARY 02/11/2004   181.4 S64B 210764 17/09/2023 Books
        VIVEKANANDA LIBRARY VIVEKANANDA LIBRARY 02/11/2004 1 181.4 S64B 293994 19/03/2025 Books
        VIVEKANANDA LIBRARY VIVEKANANDA LIBRARY 02/11/2004   181.4 S64B 357865 17/09/2023 Books
© Designed and Maintained by Vivekananda Library, MDU Rohtak